Internet and World Wide Web : how to program (Record no. 9704)
[ view plain ]
| 000 -LEADER | |
|---|---|
| fixed length control field | 00675 a2200217 4500 |
| 010 ## - LIBRARY OF CONGRESS CONTROL NUMBER | |
| LC control number | 2001045144 |
| 020 ## - INTERNATIONAL STANDARD BOOK NUMBER | |
| International Standard Book Number | 0130308978 |
| 040 ## - CATALOGING SOURCE | |
| Original cataloging agency | DLC |
| Language of cataloging | DLC |
| 082 00 - DEWEY DECIMAL CLASSIFICATION NUMBER | |
| Classification number | 005.2/76 |
| 100 1# - MAIN ENTRY--PERSONAL NAME | |
| Personal name | Deitel, Harvey M., |
| 245 10 - TITLE STATEMENT | |
| Title | Internet and World Wide Web : how to program |
| Statement of responsibility, etc. | H.M. Deitel, P.J. Deitel, T.R. Nieto. |
| 246 3# - VARYING FORM OF TITLE | |
| Title proper/short title | Internet and World Wide Web |
| 250 ## - EDITION STATEMENT | |
| Edition statement | 2nd ed. |
| 260 ## - PUBLICATION, DISTRIBUTION, ETC. | |
| Place of publication, distribution, etc. | Upper Saddle River, N.J. : |
| Name of publisher, distributor, etc. | Prentice Hall, |
| Date of publication, distribution, etc. | c2002. |
| 300 ## - PHYSICAL DESCRIPTION | |
| Extent | lvii, 1428 p. : |
| Other physical details | col. ill .; |
| Dimensions | 23 cm. + |
| Accompanying material | 1 CD-ROM (4 3/4 in.) |
| 650 #0 - SUBJECT ADDED ENTRY--TOPICAL TERM | |
| Topical term or geographic name entry element | Internet programming. |
| 650 #0 - SUBJECT ADDED ENTRY--TOPICAL TERM | |
| Topical term or geographic name entry element | World Wide Web. |
| 700 1# - ADDED ENTRY--PERSONAL NAME | |
| Personal name | Deitel, Paul J. |
| 700 1# - ADDED ENTRY--PERSONAL NAME | |
| Personal name | Nieto, T. R. |
| 942 ## - ADDED ENTRY ELEMENTS (KOHA) | |
| Koha item type | Book |
| Call number prefix | 005.276 DEI |
| Source of classification or shelving scheme | |
| Withdrawn status | Lost status | Damaged status | Not for loan | Collection code | Permanent Location | Current Location | Shelving location | Date acquired | Source of acquisition | Cost, normal purchase price | Total Checkouts | Full call number | Barcode | Date last seen | Date last checked out | Price effective from | Koha item type |
|---|---|---|---|---|---|---|---|---|---|---|---|---|---|---|---|---|---|
| Central Library (CL) | Central Library (CL) | First Floor - Software Engineering/ Programming Language | 05/17/2004 | Allied Book Company | 767.25 | 1 | 005.276 DEI | SEECS004462 | 07/08/2025 | 07/08/2025 | 01/05/2017 | Book |
